00978cam a2200277 a 450000100100000000500170001000800410002702000150006803500190008304000340010208200200013610000530015624500830020926000310029230000210032349000170034450400420036165000260040365000280042970000390045783000230049691000340051904900090055395201230056299900150068500000653820200929153940.0890202s1988 sp b 000 f spa  a8486662117 a(DLC) 89110180 aDO-SdBNPcDLCdDLdDLCdBNPHU aCu861.44bL431p1 aLázaro, Felipe Álvaro Alfonso,d1948-91815410aPoetas cubanos en Nueva York /cFelipe Lázaro , prólogo, José Jiménez. aMadrid :bBetania,cc1988. a262 p. ;c21 cm.1 aAntologías aIncluye referencias bibliográficas. 4aPoesía cubana95226 4aLiteratura cubana914831 aJiménez, José,epról.918155 0aAntologías99677 aCatalogación por copia / LC aBNGR 001052708MOaGRbGRcCTd2009-08-31iLF1l0oCu861.44 L431pp6538-10r2020-06-25w2020-06-25y2ZPréstamo interno c6329d6329